Harry Potter and the Prisoner of Azkaban - Chapters - Statistics

General Stats
  • This quiz has been taken 119 times
  • The average score is 16 of 22
Answer Stats
Chapter % Correct
3 The Knight Bus
97%
18 Moony, Wormtail, Padfoot, and Prongs
86%
1 Owl Post
86%
5 The Dementor
83%
17 Cat, Rat, and Dog
80%
21 Hermione’s Secret
80%
22 Owl Post Again
80%
4 The Leaky Cauldron
80%
2 Aunt Marge’s Big Mistake
77%
13 Gryffindor versus Ravenclaw
74%
6 Talons and Tea Leaves
71%
12 The Patronus
71%
15 The Quidditch Final
71%
10 The Marauder's Map
69%
11 The Firebolt
66%
8 Flight of the Fat Lady
60%
9 Grim Defeat
60%
7 The Boggart in the Wardrobe
60%
16 Professor Trelawney's Prediction
57%
14 Snape's Grudge
57%
20 The Dementor’s Kiss
54%
19 The Servant of Lord Voldemort
54%
No matching quizzes found
Score Distribution
Percent of People with Each Score
Percentile by Number Answered
Your Score History
You have not taken this quiz